[Event "Open Jastrzebie 2019"]
[Site "?"]
[Date "2019.08.15"]
[Round "5.5"]
[White "Kozsik, Bende Barnabas"]
[Black "Sulkowski, Dawid"]
[Result "1/2-1/2"]
[WhiteElo "2044"]
[BlackElo "1604"]
[PlyCount "117"]

1. e4 c5 2. Nf3 e6 3. d4 cxd4 4. Nxd4 Nc6 5. Be3 Nf6 6. Nc3 Bb4 7. Nxc6 bxc6 8.
Bd2 d5 9. e5 Nd7 10. Qg4 Bf8 11. f4 a5 12. Be2 Ba6 13. b3 Bxe2 14. Nxe2 h5 15.
Qg3 Nc5 16. Qc3 Qc7 17. Be3 Ne4 18. Qb2 Be7 19. O-O O-O 20. c4 Qb7 21. Qc2 g6
22. g3 Rfc8 23. h3 Kg7 24. Kh2 Rh8 25. Qd3 Rad8 26. Nd4 Rdg8 27. Nf3 Qd7 28.
Rfc1 Rc8 29. Bb6 Ba3 30. Rd1 Nf2 31. Qc2 Nxd1 32. Rxd1 Ra8 33. c5 Qe7 34. Qc3
Bb4 35. Qd4 Rhb8 36. Rc1 Ra6 37. Qd3 Qb7 38. Nd4 Rc8 39. Nc2 Rxb6 40. cxb6 Qxb6
41. Kg2 Ra8 42. g4 hxg4 43. hxg4 Rh8 44. f5 gxf5 45. gxf5 Rg8 46. Kf3 Kf8 47.
fxe6 fxe6 48. Rh1 Qc7 49. Qe3 Qg7 50. Qh6 Ke7 51. Qh7 Kd8 52. Qxg7 Rxg7 53.
Rh8+ Kd7 54. Nxb4 axb4 55. Rb8 Rf7+ 56. Ke3 Rf5 57. Rb7+ Kc8 58. Rxb4 Rxe5+ 59.
Kd3 1/2-1/2

[Event "Open Jastrzebie 2019"]
[Site "?"]
[Date "2019.08.15"]
[Round "5.6"]
[White "Dzierzak, Radoslaw"]
[Black "Zak, Rafal"]
[Result "1-0"]
[WhiteElo "2289"]
[BlackElo "1610"]
[PlyCount "95"]

1. e4 c6 2. d4 d5 3. Nd2 dxe4 4. Nxe4 Bf5 5. Ng3 Bg6 6. N1e2 Nd7 7. Nf4 e5 8.
Nxg6 hxg6 9. Qe2 Be7 10. dxe5 Qa5+ 11. Bd2 Qxe5 12. O-O-O Qxe2 13. Bxe2 Ngf6
14. f4 O-O 15. Bf3 Rfe8 16. Rhe1 Nb6 17. b3 Ba3+ 18. Kb1 Rxe1 19. Rxe1 Rd8 20.
Ba5 Re8 21. c4 Rxe1+ 22. Bxe1 Bd6 23. Bd2 Kf8 24. Kc2 Bc7 25. a4 Nbd7 26. b4
Ke7 27. a5 a6 28. Kd3 Kd6 29. Bc3 Ke6 30. Ne2 Bd6 31. g3 Nh5 32. Ke3 f5 33.
Nd4+ Kf7 34. Nxf5 gxf5 35. Bxh5+ g6 36. Bf3 Ke6 37. h3 Nf6 38. g4 fxg4 39. hxg4
c5 40. b5 axb5 41. Bxf6 Kxf6 42. cxb5 b6 43. a6 Bb8 44. Ke4 Ke6 45. Be2 Kd6 46.
Bc4 Ke7 47. Kd5 Kd7 48. g5 1-0

[Event "Open Jastrzebie 2019"]
[Site "?"]
[Date "2019.08.15"]
[Round "5.7"]
[White "Darda, Roman"]
[Black "Koloczek, Maciej"]
[Result "0-1"]
[WhiteElo "1850"]
[BlackElo "1958"]
[PlyCount "104"]

1. d4 Nf6 2. c4 g6 3. Nc3 Bg7 4. Bg5 d6 5. Nf3 h6 6. Bh4 g5 7. Bg3 Nh5 8. e3
Nc6 9. Be2 Nxg3 10. hxg3 Bf5 11. Qa4 Qd7 12. Nd2 Bg6 13. b4 e5 14. d5 Ne7 15.
Nb5 O-O 16. e4 f5 17. f3 g4 18. c5 f4 19. Rc1 gxf3 20. Bxf3 Be8 21. cxd6 cxd6
22. Be2 fxg3 23. Qb3 Rf2 24. Qxg3 Rxe2+ 25. Kxe2 Qxb5+ 26. Ke1 Ng6 27. Rc4 Nf4
28. Kf2 Qb6+ 29. Qe3 Bb5 30. Qxb6 axb6 31. Rc2 Bd3 32. Rc7 Rxa2 33. Ke3 Ba6 34.
Nc4 Bxc4 35. Rxc4 Rxg2 36. Rc7 h5 37. Kf3 Rg6 38. Rxb7 Bf6 39. Ra1 Bg7 40. Rh1
Rf6 41. Ke3 Bh6 42. Rg1+ Ng6+ 43. Ke2 h4 44. Rxb6 h3 45. Rb8+ Kf7 46. Rh1 Nf4+
47. Ke1 Nd3+ 48. Ke2 Nc1+ 49. Kd1 Rf3 50. Rh8 Kg7 51. Rd8 Nd3 52. Ke2 Re3+ 0-1

[Event "Open Jastrzebie 2019"]
[Site "?"]
[Date "2019.08.15"]
[Round "5.8"]
[White "Kotowicz, Kamil"]
[Black "Kelemen, Szabolcs"]
[Result "1/2-1/2"]
[WhiteElo "1498"]
[BlackElo "1939"]
[PlyCount "77"]

1. d4 Nf6 2. Bf4 g6 3. Nf3 Bg7 4. e3 O-O 5. Bd3 c5 6. c3 b6 7. Nbd2 Bb7 8. O-O
d6 9. Re1 Nbd7 10. Qe2 Qc7 11. Rac1 Rfc8 12. e4 a6 13. e5 Nd5 14. Bg3 dxe5 15.
Nxe5 Nxe5 16. Bxe5 Bxe5 17. dxe5 Rd8 18. g3 b5 19. c4 Nb4 20. Bb1 Rac8 21. f4
Qb6 22. Qe3 Nc6 23. Red1 Nd4 24. Kf2 Ba8 25. cxb5 axb5 26. Be4 Bxe4 27. Nxe4
Nf5 28. Rxd8+ Qxd8 29. Qd2 Qb6 30. Rd1 c4+ 31. Ke2 b4 32. g4 Ng7 33. Qd7 Rf8
34. Qxe7 Ne6 35. Nf6+ Kg7 36. Nd5 Qc6 37. Qf6+ Kh6 38. Qh4+ Kg7 39. Qf6+
1/2-1/2

[Event "Open Jastrzebie 2019"]
[Site "?"]
[Date "2019.08.15"]
[Round "5.9"]
[White "Distel, Pawel"]
[Black "Wiecek, Pawel"]
[Result "1-0"]
[WhiteElo "1705"]
[BlackElo "1916"]
[PlyCount "89"]

1. Nf3 Nf6 2. g3 d5 3. Bg2 c5 4. d3 g6 5. O-O Bg7 6. c4 O-O 7. Nc3 d4 8. Na4
Nfd7 9. e4 Nc6 10. Ng5 h6 11. Nh3 e5 12. f4 exf4 13. gxf4 a6 14. e5 Qc7 15. e6
fxe6 16. f5 gxf5 17. Nf4 Qd6 18. Nxe6 Rf6 19. Bf4 Nce5 20. Nd8 Rg6 21. Bg3 Rxg3
22. hxg3 Ng4 23. Qf3 Ne3 24. Nxb7 Bxb7 25. Qxb7 Rb8 26. Qf3 Ne5 27. Qf4 Nxg2
28. Kxg2 Qc6+ 29. Kg1 Qxa4 30. Rae1 Re8 31. Qxf5 Qc6 32. Qh5 Qd7 33. Re4 Re7
34. Rfe1 Qd6 35. Kg2 Bf8 36. Rxe5 Rg7 37. Qf3 Qg6 38. Re6 Qg5 39. R1e2 a5 40.
R2e5 Qd2+ 41. Qe2 Qf4 42. Qf2 Qc1 43. Re8 Rf7 44. Rf5 Rxf5 45. Qxf5 1-0

[Event "Open Jastrzebie 2019"]
[Site "?"]
[Date "2019.08.15"]
[Round "5.10"]
[White "Shystarova, Svitlana"]
[Black "Hoferek, Svatopluk"]
[Result "1/2-1/2"]
[WhiteElo "1865"]
[BlackElo "1786"]
[PlyCount "56"]

1. e4 e5 2. Nf3 Nc6 3. d4 exd4 4. Nxd4 Bc5 5. Be3 Qf6 6. c3 Nge7 7. Be2 Nxd4 8.
cxd4 Bb4+ 9. Nc3 Ng6 10. O-O Bxc3 11. bxc3 O-O 12. e5 Qe7 13. f4 f5 14. Qb3+
Kh8 15. Rf3 Rd8 16. Rh3 d5 17. Rf1 b6 18. Rff3 Be6 19. Rfg3 Nf8 20. Rg5 c6 21.
Bf3 Qf7 22. Qc2 g6 23. Qf2 Rd7 24. Qh4 b5 25. Bc1 Qe7 26. Qh6 a5 27. Qh4 Rb7
28. Qf2 b4 1/2-1/2

[Event "Open Jastrzebie 2019"]
[Site "?"]
[Date "2019.08.15"]
[Round "5.11"]
[White "Marcinowski, Marek"]
[Black "Borkowski, Maciej"]
[Result "1-0"]
[WhiteElo "1881"]
[BlackElo "1559"]
[PlyCount "47"]

1. d4 d5 2. Nf3 Nf6 3. Bf4 Bf5 4. e3 e6 5. Bd3 Bg6 6. Ne5 Bd6 7. Nxg6 fxg6 8.
Nd2 O-O 9. Bxd6 cxd6 10. c4 dxc4 11. Nxc4 Nc6 12. O-O Kh8 13. Rc1 Rc8 14. Qb3
Qe7 15. Rc2 d5 16. Na3 e5 17. dxe5 Qxe5 18. Qxb7 Ne7 19. Qxa7 Ng4 20. g3 Qh5
21. h4 Ne5 22. Be2 N7c6 23. Qa4 Ra8 24. Qxa8 1-0

[Event "Open Jastrzebie 2019"]
[Site "?"]
[Date "2019.08.15"]
[Round "5.12"]
[White "Kopaczewski, Zbigniew"]
[Black "Radecki, Adam"]
[Result "0-1"]
[WhiteElo "1464"]
[BlackElo "1792"]
[PlyCount "99"]

1. g3 d5 2. Bg2 c5 3. Nf3 Nc6 4. c3 e6 5. O-O Bd6 6. Qc2 Nf6 7. d3 O-O 8. Rd1
Qc7 9. Bg5 Nd7 10. Na3 a6 11. e4 dxe4 12. dxe4 f6 13. Be3 b5 14. Qe2 e5 15. Nh4
Rd8 16. Nf5 Bf8 17. g4 g6 18. Ng3 Nb6 19. g5 fxg5 20. Bxg5 Rxd1+ 21. Rxd1 Be6
22. b3 b4 23. cxb4 Nd4 24. Qd2 cxb4 25. Rc1 Qd7 26. Nc2 Rc8 27. Nxd4 Rxc1+ 28.
Qxc1 exd4 29. f4 d3 30. f5 gxf5 31. exf5 Bxf5 32. Be3 Bg6 33. Ne4 Bxe4 34. Bxe4
Qg4+ 35. Bg2 Nd5 36. Bf2 Nc3 37. Kh1 Bh6 38. Qxh6 Qd1+ 39. Bg1 d2 40. Qg5+ Kf8
41. Qf6+ Kg8 42. Bf3 Qxf3+ 43. Qxf3 d1=Q 44. Qg3+ Kf7 45. Qf4+ Ke6 46. Qh6+ Kd5
47. Qg5+ Kc6 48. Qc5+ Kd7 49. Qf5+ Kd8 50. Qf8+ 0-1

[Event "Open Jastrzebie 2019"]
[Site "?"]
[Date "2019.08.15"]
[Round "5.15"]
[White "Gradalski, Olaf"]
[Black "Sacharczuk, Karolina"]
[Result "1-0"]
[WhiteElo "1531"]
[BlackElo "1250"]
[PlyCount "65"]

1. e4 c5 2. c3 d6 3. d4 cxd4 4. cxd4 Nf6 5. Nc3 g6 6. Nf3 Bg7 7. Be2 Nc6 8. Bf4
Bg4 9. h3 Bxf3 10. Bxf3 e5 11. dxe5 dxe5 12. Be3 Nb4 13. Qa4+ Nc6 14. O-O O-O
15. Rfd1 Qe7 16. Bg5 Rad8 17. Nd5 Qe6 18. Bg4 Nxg4 19. Bxd8 Rxd8 20. hxg4 Qxg4
21. Ne3 Rxd1+ 22. Rxd1 Qg5 23. Rd7 Nd4 24. Rxb7 Bf8 25. Qd1 Kh8 26. Qg4 Qf6 27.
a3 h5 28. Qd1 h4 29. Qg4 g5 30. Nf5 Kh7 31. Nxd4 exd4 32. Rxa7 Qc6 33. Qf5+ 1-0

[Event "Open Jastrzebie 2019"]
[Site "?"]
[Date "2019.08.15"]
[Round "5.16"]
[White "Wos, Kacper"]
[Black "Szymanski, Wojciech"]
[Result "1-0"]
[WhiteElo "1313"]
[BlackElo "1500"]
[PlyCount "95"]

1. d4 d5 2. c4 c6 3. Nc3 Nf6 4. Nf3 e6 5. Bg5 Be7 6. e3 Nbd7 7. Rc1 O-O 8. cxd5
exd5 9. Bd3 h6 10. Bh4 Re8 11. Nd2 Nb6 12. O-O Ng4 13. Bxe7 Qxe7 14. Bb1 Qh4
15. h3 Nf6 16. Nf3 Qh5 17. Ne5 Qg5 18. Kh1 Nbd7 19. Nf3 Qh5 20. Ne2 Ne4 21. Nf4
Qf5 22. b4 Ndf6 23. Ne5 Qg5 24. Qe1 Nd7 25. Nf3 Qe7 26. b5 Nb6 27. bxc6 bxc6
28. Rxc6 Bb7 29. Rc1 Qa3 30. Nd2 Nc3 31. Nc4 Nxc4 32. Rxc3 Qd6 33. Qc1 Rac8 34.
Qc2 g6 35. Qa4 Qb6 36. Rfc1 Bc6 37. Qb3 Qa6 38. Bd3 Rb8 39. Bxc4 dxc4 40. Qxc4
Bb5 41. Qb3 Qd6 42. Rc7 Bd7 43. Qd5 Qxd5 44. Nxd5 Be6 45. Nf6+ Kf8 46. Nxe8
Kxe8 47. Rxa7 Kf8 48. e4 1-0

[Event "Open Jastrzebie 2019"]
[Site "?"]
[Date "2019.08.17"]
[Round "8.3"]
[White "Kelemen, Szabolcs"]
[Black "Dzierzak, Radoslaw"]
[Result "1-0"]
[WhiteElo "1939"]
[BlackElo "2289"]
[PlyCount "53"]
[SourceDate "2019.08.17"]

1. e4 c5 2. Nf3 Nc6 3. d4 cxd4 4. Nxd4 e6 5. Nc3 Qc7 6. Be3 a6 7. Qd2 Nf6 8. f3
Be7 9. O-O-O b5 10. g4 O-O 11. h4 Ne5 12. h5 h6 13. g5 hxg5 14. h6 g6 15. Bxg5
b4 16. h7+ Kh8 17. Nce2 d6 18. Qf4 Ne8 19. Ng3 Ng7 20. Be2 Bb7 21. Bh6 Rfc8 22.
Rdg1 Qc5 23. Bxg7+ Kxg7 24. h8=Q+ Rxh8 25. Ngf5+ exf5 26. Nxf5+ Kf6 27. Qg5+
1-0

[Event "Open Jastrzebie 2019"]
[Site "?"]
[Date "2019.08.17"]
[Round "7.1"]
[White "Galuszka, Tomasz"]
[Black "Czerw, Dawid"]
[Result "1/2-1/2"]
[WhiteElo "2113"]
[BlackElo "2281"]
[PlyCount "34"]

1. e4 c5 2. Nf3 Nc6 3. d4 cxd4 4. Nxd4 g6 5. Nc3 Bg7 6. Be3 Nf6 7. Bc4 O-O 8.
O-O Nxe4 9. Nxe4 d5 10. Nxc6 bxc6 11. Bd3 dxe4 12. Bxe4 Qc7 13. c3 Rb8 14. Qe2
c5 15. Rfd1 Be6 16. Bd5 Bd7 17. Rd2 e6 1/2-1/2

[Event "Open Jastrzebie 2019"]
[Site "?"]
[Date "2019.08.16"]
[Round "6.1"]
[White "Galuszka, Tomasz"]
[Black "Khamitskiy, Sergei"]
[Result "1-0"]
[WhiteElo "2113"]
[BlackElo "2243"]
[PlyCount "69"]

1. Nf3 Nf6 2. g3 d5 3. Bg2 c5 4. O-O Nc6 5. d3 e6 6. Nbd2 Be7 7. e4 O-O 8. Re1
Rb8 9. e5 Ne8 10. Nf1 Nc7 11. a4 Bd7 12. h4 h6 13. N1h2 f5 14. exf6 Bxf6 15.
Ng4 Be8 16. Nfe5 Bh5 17. Nxc6 Bxg4 18. Nxd8 Bxd1 19. Nxe6 Nxe6 20. Rxd1 Rbd8
21. c3 g5 22. Re1 Rfe8 23. hxg5 hxg5 24. Bh3 Kf7 25. Bg4 Ng7 26. Rxe8 Rxe8 27.
Be3 d4 28. cxd4 cxd4 29. Bd2 Kg6 30. Rc1 Be5 31. Kg2 Nf5 32. Bxf5+ Kxf5 33. Re1
Re7 34. Bxg5 Kxg5 35. Rxe5+ 1-0

[Event "Open Jastrzebie 2019"]
[Site "?"]
[Date "2019.08.16"]
[Round "6.2"]
[White "Tymrakiewicz, Rafal"]
[Black "Molenda, Marcin"]
[Result "1-0"]
[WhiteElo "2226"]
[BlackElo "2387"]
[PlyCount "109"]
[SourceDate "2019.08.17"]

1. e4 c5 2. Nf3 e6 3. c3 d5 4. exd5 Qxd5 5. d4 cxd4 6. cxd4 Nf6 7. Nc3 Qd8 8.
Bc4 Be7 9. O-O O-O 10. Bg5 Nbd7 11. Re1 Nb6 12. Bb3 Nbd5 13. Ne5 Nd7 14. Bxe7
Nxe7 15. Ne4 Nf5 16. Nxf7 Rxf7 17. Bxe6 Nf8 18. Bxf7+ Kxf7 19. Qb3+ Be6 20.
Ng5+ Qxg5 21. Qxb7+ Ne7 22. Re5 Qxe5 23. dxe5 Bd5 24. Qa6 Ne6 25. Rc1 g5 26. b4
Rb8 27. a3 Rb7 28. f3 h5 29. Rc2 Rd7 30. Qd3 Kg7 31. Rd2 Rc7 32. Rc2 Rd7 33.
Rd2 Rc7 34. g3 Rc1+ 35. Rd1 Rc8 36. b5 Rf8 37. Rf1 Rc8 38. a4 Rc4 39. a5 Ra4
40. a6 g4 41. fxg4 Ng5 42. Rc1 Nf3+ 43. Kf2 Rd4 44. Qe3 Rd2+ 45. Kf1 Rxh2 46.
Rc7 Rh1+ 47. Kf2 Rh2+ 48. Kf1 Rh1+ 49. Ke2 Re1+ 50. Kf2 Rxe3 51. Kxe3 Kf7 52.
Rxa7 Nxe5 53. Kd4 Nf3+ 54. Kc5 Be4 55. Kd6 1-0

[Event "Open Jastrzebie 2019"]
[Site "?"]
[Date "2019.08.16"]
[Round "6.3"]
[White "Czerw, Dawid"]
[Black "Klepek, Witold"]
[Result "1-0"]
[WhiteElo "2281"]
[BlackElo "2197"]
[PlyCount "87"]
[EventDate "2019.??.??"]
[SourceDate "2019.08.17"]

1. d4 e6 2. c4 d5 3. Nc3 Bb4 4. e3 Nf6 5. Nge2 dxc4 6. a3 Ba5 7. Qa4+ Nc6 8.
Bd2 e5 9. dxe5 Nd7 10. Nd4 Bxc3 11. Bxc3 Ncxe5 12. Nf3 Nxf3+ 13. gxf3 O-O 14.
Rg1 f6 15. Qxc4+ Kh8 16. O-O-O Re8 17. Bh3 c5 18. Qf7 Re7 19. Bxf6 Rxf7 20.
Bxd8 Ne5 21. Bxc8 Rxc8 22. f4 Nc6 23. Bh4 g6 24. Rd5 b6 25. Rgd1 Kg7 26. Rd7
Rc7 27. Rxc7 Rxc7 28. Rd6 Ne7 29. Bxe7 Rxe7 30. Kc2 Kh6 31. Rd5 Kg7 32. Rd6 Kh6
33. f5 Kg5 34. f6 Rf7 35. e4 Kf4 36. Re6 g5 37. e5 Kf5 38. Re7 Kg6 39. Rxf7
Kxf7 40. b4 cxb4 41. axb4 a6 42. Kc3 g4 43. Kd4 Ke6 44. Kc4 1-0

[Event "Open Jastrzebie 2019"]
[Site "?"]
[Date "2019.08.17"]
[Round "7.2"]
[White "Dzierzak, Radoslaw"]
[Black "Tymrakiewicz, Rafal"]
[Result "1/2-1/2"]
[WhiteElo "2289"]
[BlackElo "2226"]
[PlyCount "108"]

1. e4 c6 2. d4 d5 3. e5 g6 4. c4 Bg7 5. Nc3 Nh6 6. cxd5 cxd5 7. Qb3 Nc6 8. Be3
e6 9. Nf3 O-O 10. h4 Nf5 11. h5 Bd7 12. Bd3 Qb6 13. Qxb6 axb6 14. Bxf5 gxf5 15.
h6 Bh8 16. Bg5 f6 17. exf6 Bxf6 18. Bxf6 Rxf6 19. Kd2 Kf7 20. Ne2 Rg6 21. Nf4
Rgg8 22. g3 Ra4 23. b3 Ra3 24. Rh5 Kf6 25. Kc3 Be8 26. Kb2 Ra8 27. Rhh1 Bf7 28.
Rad1 Rgc8 29. Nd3 Rc7 30. Rc1 Rac8 31. a3 Be8 32. b4 Ne7 33. Rxc7 Rxc7 34. Nfe5
Ba4 35. Rc1 Rxc1 36. Kxc1 Ng8 37. Nf4 Nxh6 38. Kd2 Ng8 39. Ke3 Be8 40. Kd2 Ne7
41. a4 Nc8 42. b5 Nd6 43. f3 Nc8 44. Kc3 Ne7 45. Kb4 Nc8 46. Kb3 Ke7 47. Kc3
Kd6 48. Kb4 Ne7 49. Kc3 Nc8 50. Kb3 Ke7 51. Kb4 Nd6 52. Kc3 Kf6 53. Kb4 Ke7 54.
Kc3 Kf6 1/2-1/2

[Event "Open Jastrzebie 2019"]
[Site "?"]
[Date "2019.08.17"]
[Round "7.3"]
[White "Klepek, Witold"]
[Black "Koloczek, Maciej"]
[Result "1-0"]
[WhiteElo "2197"]
[BlackElo "1958"]
[PlyCount "109"]

1. e4 e6 2. d4 d5 3. Nd2 Be7 4. Ngf3 Nf6 5. Bd3 dxe4 6. Nxe4 Nxe4 7. Bxe4 c5 8.
dxc5 Qxd1+ 9. Kxd1 Bxc5 10. Ke2 Nd7 11. Bf4 Nf6 12. Bd3 Nd5 13. Bg3 f6 14. Rhd1
Bd7 15. a3 a5 16. c4 Ne7 17. b4 axb4 18. axb4 Rxa1 19. Rxa1 Bxb4 20. Rb1 Ba5
21. Rxb7 e5 22. Nd2 Bc6 23. Rb8+ Bd8 24. f3 Kd7 25. Bf2 Kc7 26. Rb2 Ng6 27. g3
Nf8 28. Ne4 Nd7 29. Nc5 Nxc5 30. Bxc5 g6 31. Be4 f5 32. Bd5 Bg5 33. h4 Bh6 34.
Ra2 Rb8 35. Ra7+ Rb7 36. Rxb7+ Bxb7 37. Bg8 g5 38. Bxh7 gxh4 39. gxh4 Ba6 40.
Kd3 Bc8 41. Be7 Be6 42. Bg6 Kc6 43. Be8+ Kc7 44. c5 Bd5 45. Bd6+ Kd8 46. Bg6
e4+ 47. fxe4 Bxe4+ 48. Kc4 Kd7 49. Kb5 Be3 50. Kb6 Bf2 51. h5 Be3 52. Bf8 Ke6
53. h6 Bd5 54. Bg7 f4 55. h7 1-0

[Event "Open Jastrzebie 2019"]
[Site "?"]
[Date "2019.08.17"]
[Round "8.1"]
[White "Tymrakiewicz, Rafal"]
[Black "Galuszka, Tomasz"]
[Result "1/2-1/2"]
[WhiteElo "2226"]
[BlackElo "2113"]
[PlyCount "84"]
[EventDate "2019.??.??"]

1. e4 c6 2. d3 d5 3. Nd2 e5 4. Ngf3 Bd6 5. g3 Nf6 6. Bg2 O-O 7. O-O Re8 8. Re1
Qc7 9. b3 a5 10. a3 a4 11. b4 d4 12. Nc4 Bg4 13. h3 Bxf3 14. Qxf3 Bf8 15. Qd1
b5 16. Nd2 Nbd7 17. Rf1 Bd6 18. Nf3 c5 19. bxc5 Bxc5 20. Nh4 Rec8 21. f4 Bf8
22. Ra2 Ra6 23. Rf2 b4 24. axb4 Bxb4 25. Nf3 Bd6 26. fxe5 Bxe5 27. Nxe5 Nxe5
28. Bf4 Nfd7 29. h4 Qc3 30. Bh3 Rca8 31. Bd2 Qc6 32. Qa1 Qd6 33. Kg2 a3 34. Rf1
Rc6 35. Bf4 f6 36. Rf2 Rca6 37. Rf1 Rc6 38. Rf2 Rca6 39. Qf1 Qb4 40. Qa1 Qd6
41. Qf1 Qb4 42. Qa1 Qd6 1/2-1/2

[Event "Open Jastrzebie 2019"]
[Site "?"]
[Date "2019.08.17"]
[Round "8.2"]
[White "Czerw, Dawid"]
[Black "Molenda, Marcin"]
[Result "1/2-1/2"]
[WhiteElo "2281"]
[BlackElo "2387"]
[PlyCount "30"]

1. d4 Nf6 2. c4 g6 3. Nc3 Bg7 4. e4 d6 5. Nf3 O-O 6. Be2 Na6 7. O-O e5 8. Be3
Ng4 9. Bg5 Qe8 10. dxe5 dxe5 11. Qc1 c6 12. Rd1 Nf6 13. Be3 Ng4 14. Bg5 Nf6 15.
Be3 Ng4 1/2-1/2

[Event "Open Jastrzebie 2019"]
[Site "?"]
[Date "2019.08.16"]
[Round "6.4"]
[White "Adamczyk, Piotr"]
[Black "Dzierzak, Radoslaw"]
[Result "0-1"]
[WhiteElo "1838"]
[BlackElo "2289"]
[PlyCount "80"]

1. e4 c5 2. Nf3 Nc6 3. d4 cxd4 4. Nxd4 e6 5. g3 d5 6. Bg2 dxe4 7. Nxc6 Qxd1+ 8.
Kxd1 bxc6 9. Bxe4 Bb7 10. Be3 Nf6 11. Bf3 Nd5 12. Nd2 Nxe3+ 13. fxe3 O-O-O 14.
Ke2 Ba6+ 15. Ke1 Bc5 16. e4 Bf2+ 17. Kxf2 Rxd2+ 18. Ke3 Rhd8 19. Rac1 c5 20. h4
Kc7 21. Rhd1 R2d4 22. Rxd4 cxd4+ 23. Kf4 f6 24. e5 Rb8 25. b3 Rb5 26. Be2 fxe5+
27. Kg5 Ra5 28. Bxa6 Rxa6 29. h5 Rc6 30. h6 gxh6+ 31. Kxh6 Rc3 32. g4 d3 33.
Kxh7 Rxc2 34. Rd1 e4 35. g5 Rh2+ 36. Kg7 d2 37. Kf7 e3 38. g6 Rf2+ 39. Ke7 e2
40. g7 Rg2 0-1

[Event "Open Jastrzebie 2019"]
[Site "?"]
[Date "2019.08.18"]
[Round "9.1"]
[White "Galuszka, Tomasz"]
[Black "Kelemen, Szabolcs"]
[Result "1-0"]
[WhiteElo "2113"]
[BlackElo "1939"]
[PlyCount "64"]

1. e4 c5 2. Nf3 Nc6 3. d4 cxd4 4. Nxd4 g6 5. Nc3 Bg7 6. Be3 Nf6 7. Bc4 O-O 8.
Bb3 d6 9. h3 Bd7 10. O-O Rc8 11. Re1 Qa5 12. Nf3 b5 13. Bd2 Qb6 14. Bg5 Rfd8
15. Bxf6 exf6 16. Nd5 Qb7 17. Qd2 Be6 18. Qf4 f5 19. exf5 Bxf5 20. g4 Be6 21.
Nf6+ Kh8 22. g5 Qe7 23. h4 h5 24. c3 a5 25. Re3 Rf8 26. Rae1 Qb7 27. Bxe6 fxe6
28. Rxe6 d5 29. Nd4 Nxd4 30. cxd4 Rc4 31. Re7 Qb8 32. Rxg7 Kxg7 1-0

[Event "Open Jastrzebie 2019"]
[Site "?"]
[Date "2019.08.15"]
[Round "5.19"]
[White "Tomanec, Samuel"]
[Black "Ziebura, Paulina"]
[Result "1/2-1/2"]
[WhiteElo "1207"]
[BlackElo "1623"]
[PlyCount "67"]

1. e4 e5 2. Nf3 Nc6 3. Bc4 Bc5 4. Nc3 Nf6 5. O-O O-O 6. d3 h6 7. Be3 Bb6 8. d4
exd4 9. Nxd4 Nxd4 10. Bxd4 Bxd4 11. Qxd4 d6 12. Rfe1 Be6 13. Rad1 Ng4 14. f4
Qf6 15. e5 Qh4 16. h3 Bxc4 17. hxg4 Be6 18. f5 Bd7 19. exd6 cxd6 20. Qxd6 Rad8
21. Re7 Bc6 22. Qxd8 Rxd8 23. Rxd8+ Kh7 24. Nd5 Bxd5 25. Ree8 g6 26. Rxd5 Qxg4
27. Re7 Kg7 28. fxg6 Qxg6 29. Rdd7 Qxc2 30. Rxf7+ Kg6 31. Rxb7 Qb1+ 32. Kh2
Qxa2 33. Rxa7 Qxb2 34. Rg7+ 1/2-1/2

[Event "Open Jastrzebie 2019"]
[Site "?"]
[Date "2019.08.15"]
[Round "5.20"]
[White "Bala, Bartosz"]
[Black "Szymon, Jakub"]
[Result "0-1"]
[WhiteElo "1093"]
[BlackElo "1572"]
[PlyCount "66"]

1. e4 c6 2. d4 d5 3. Nc3 dxe4 4. Nxe4 Bf5 5. Ng3 Bg6 6. h4 h6 7. Nf3 Nd7 8. h5
Bh7 9. Bd3 Bxd3 10. Qxd3 Ngf6 11. Be3 e6 12. c3 Qc7 13. Ne4 Nxe4 14. Qxe4 Nf6
15. Qd3 Bd6 16. g3 O-O 17. O-O-O Rfe8 18. Rdg1 Ng4 19. Kb1 b5 20. Nh2 Nxe3 21.
Qxe3 e5 22. Nf3 exd4 23. Qxd4 Rad8 24. Qh4 c5 25. g4 f6 26. Rf1 Qb7 27. Ne1 Re2
28. f4 Qe4+ 29. Ka1 Bxf4 30. Nf3 Rd3 31. Nh2 Rdd2 32. Nf3 Rxb2 33. Qxf6 Rxa2#
0-1

[Event "Open Jastrzebie 2019"]
[Site "?"]
[Date "2019.08.15"]
[Round "5.22"]
[White "Aleshko, Igor L"]
[Black "Rocek, Matyas"]
[Result "1-0"]
[WhiteElo "1270"]
[BlackElo "1048"]
[PlyCount "55"]

1. d4 d5 2. c4 e6 3. g3 Nf6 4. Bg2 c5 5. Nf3 Nc6 6. O-O Be7 7. dxc5 Bxc5 8.
cxd5 exd5 9. Qc2 Bb6 10. a3 O-O 11. Nc3 d4 12. Rd1 Qe7 13. Na4 Re8 14. Nxb6
axb6 15. Nxd4 Nxd4 16. Rxd4 Qxe2 17. Qxe2 Rxe2 18. Rd8+ Re8 19. Rxe8+ Nxe8 20.
Be3 b5 21. Rd1 Be6 22. Bxb7 Rb8 23. Bc6 g6 24. Bf4 Rc8 25. Bxb5 Nf6 26. Rc1 Rb8
27. Bxb8 Kg7 28. Be8 1-0

[Event "Open Jastrzebie 2019"]
[Site "?"]
[Date "2019.08.15"]
[Round "5.24"]
[White "Piec, Patryk"]
[Black "Rocek, Lukas"]
[Result "1/2-1/2"]
[WhiteElo "1095"]
[BlackElo "1030"]
[PlyCount "110"]

1. e4 e5 2. Nf3 Nc6 3. Bc4 Nf6 4. d3 d5 5. exd5 Nxd5 6. Bxd5 Qxd5 7. Nc3 Bb4 8.
Bd2 Bxc3 9. Bxc3 Bg4 10. Qe2 Bxf3 11. Qxf3 Qxf3 12. gxf3 O-O-O 13. O-O-O Rhe8
14. Rhg1 g6 15. Rde1 Nd4 16. Bxd4 exd4 17. Re4 f5 18. Ree1 b6 19. Kd2 Kb7 20.
c3 c5 21. cxd4 cxd4 22. Rc1 Rc8 23. Rxc8 Kxc8 24. Rc1+ Kd7 25. Rc4 b5 26. Rxd4+
Kc6 27. a3 a5 28. b3 g5 29. a4 bxa4 30. Rxa4 Kb5 31. Rd4 Rf8 32. h3 h6 33. h4
g4 34. Rf4 gxf3 35. Rxf3 f4 36. d4 Rf5 37. Kd3 Kb4 38. Ke4 Rf8 39. d5 Kc5 40.
Rc3+ Kd6 41. Rc6+ Kd7 42. Rxh6 Rb8 43. Ra6 Rxb3 44. Rxa5 Rb4+ 45. Ke5 f3 46.
Ra7+ Kd8 47. Ke6 Rxh4 48. d6 Rc4 49. Ra8+ Rc8 50. Rxc8+ Kxc8 51. Kd5 Kd7 52.
Ke4 Kxd6 53. Kxf3 Ke5 54. Ke3 Kf5 55. f3 Ke5 1/2-1/2

[Event "Open Jastrzebie 2019"]
[Site "?"]
[Date "2019.08.15"]
[Round "5.18"]
[White "Gollner, Martin"]
[Black "Lysakowski, Kamil"]
[Result "0-1"]
[WhiteElo "1282"]
[BlackElo "1494"]
[PlyCount "106"]
[SourceVersionDate "2019.08.20"]

1. e4 Nf6 2. e5 Nd5 3. c4 Nb6 4. d4 d6 5. exd6 cxd6 6. Nf3 Bg4 7. h3 Bxf3 8.
Qxf3 Nc6 9. Be3 g6 10. Nc3 Bg7 11. Rd1 O-O 12. Be2 e5 13. dxe5 Nxe5 14. Qe4 Re8
15. c5 Nec4 16. Qc2 Nxe3 17. fxe3 Qh4+ 18. Kd2 Bh6 19. Kc1 Bxe3+ 20. Kb1 Bxc5
21. Nb5 Qe7 22. Bf3 a6 23. Nc3 Rab8 24. Rhe1 Qc7 25. Nd5 Nxd5 26. Bxd5 Rxe1 27.
Rxe1 b5 28. Qc3 Rf8 29. Qf6 Qd7 30. Re7 Qf5+ 31. Qxf5 gxf5 32. Kc2 Kg7 33. Kd3
Kf6 34. Rd7 Kg6 35. Ke2 f6 36. Kf3 h5 37. g4 hxg4+ 38. hxg4 Kg5 39. Rg7+ Kh6
40. Re7 Bd4 41. b3 Rc8 42. Kf4 Rc5 43. Be6 Be5+ 44. Kxf5 Bg3+ 45. Ke4 Re5+ 46.
Kf3 Bh4 47. Re8 d5 48. Rh8+ Kg7 49. Rg8+ Kh7 50. Bf7 d4 51. Rd8 Re3+ 52. Kf4
Bg5+ 53. Kf5 Re5# 0-1

[Event "Open Jastrzebie 2019"]
[Site "?"]
[Date "2019.08.16"]
[Round "6.11"]
[White "Lysakowski, Kamil"]
[Black "Hoferek, Svatopluk"]
[Result "0-1"]
[WhiteElo "1494"]
[BlackElo "1786"]
[PlyCount "50"]
[SourceVersionDate "2019.08.21"]

1. e4 e5 2. Nf3 Nc6 3. Bc4 Bc5 4. b4 Bxb4 5. c3 Ba5 6. d4 Qe7 7. d5 Nd4 8. Nxd4
exd4 9. Qxd4 f6 10. O-O d6 11. Nd2 a6 12. Bb2 Nh6 13. h3 Nf7 14. Qe3 g5 15. Nf3
g4 16. hxg4 Rg8 17. Bd3 Ne5 18. Nxe5 fxe5 19. Be2 Bxg4 20. Bxg4 Rxg4 21. Qf3
Qg7 22. c4 Bb6 23. g3 Rxg3+ 24. Qxg3 Qxg3+ 25. Kh1 Qh3+ 0-1

[Event "Open Jastrzebie 2019"]
[Site "?"]
[Date "2019.08.16"]
[Round "6.12"]
[White "Kovalenko, Yuriy"]
[Black "Kotowicz, Kamil"]
[Result "1/2-1/2"]
[WhiteElo "1658"]
[BlackElo "1498"]
[PlyCount "44"]
[SourceVersionDate "2019.08.21"]

1. c4 e6 2. d4 f5 3. Nc3 Nf6 4. Bg5 Be7 5. g3 d5 6. c5 c6 7. Nf3 Nbd7 8. b4 O-O
9. e3 Ne4 10. Bxe7 Qxe7 11. Ne2 g5 12. h4 g4 13. Nd2 Ndf6 14. Bg2 e5 15. Bxe4
Nxe4 16. Nxe4 fxe4 17. O-O Bd7 18. Qb3 Rfb8 19. Qc3 exd4 20. exd4 Rf8 21. Nf4
Rf7 22. Qe3 Raf8 1/2-1/2